| 000 | 01150nam2a22002411 4500 | ||
|---|---|---|---|
| 001 | rc\4728701 | ||
| 005 | 20250612013501.0 | ||
| 035 | _a(NLR Aleph) 008446424 | ||
| 090 |
_a9510683 _c9510683 |
||
| 100 | _a20130416d1957 |||y0rusy50 ca | ||
| 101 | 0 | _arus | |
| 102 | _aRU | ||
| 105 | _ay z ||||| | ||
| 200 | 1 | _aЭлектронный сигнализатор измерения контролируемого параметра | |
| 210 |
_d1957 _aБ. м. |
||
| 225 | 1 |
_a... _vТема 27 _iПромышленные электрические установки и электрические сети |
|
| 461 | 0 |
_1001rc\4728652 _12001#$aПередовой научно-технический и производственный опыт$e[№ Э-57-1/1]-$i[Энергетика]$v№ Э-57-48/17 _99510383 _cМосква _d1957 _i[Энергетика] _nБ. и. _o[№ Э-57-1/1]- _tПередовой научно-технический и производственный опыт _v№ Э-57-48/17 |
|
| 700 | 1 |
_aЛапидес _bА.М. |
|
| 801 | 0 |
_aRU _bNLR _gpsbo |
|
| 801 | 1 |
_aRU _bELAR _2rusmarc |
|
| 852 |
_aNLR _j57-7/1190 |
||
| 942 | _cBOOK | ||
| 980 | _aNB | ||